Pohľadávky v jednoduchom účtovníctve

Priblíženie účtovania pohľadávok, najmä ich vznik, oceňovanie a zánik pre účtovné jednotky, ktoré účtujú v sústave jednoduchého účtovníctva.

Saved in:
Bibliographic Details
Main Author: Moravcová, Beáta
Format: Book Chapter
Language:Slovak
Subjects:
Tags: Add Tag
No Tags, Be the first to tag this record!

MARC

LEADER 00000naa a2200000 4500
001 0172078
005 20231208085516.4
041 0 |a slo 
044 |a SK 
245 1 0 |a Pohľadávky v jednoduchom účtovníctve  |c Beáta Moravcová 
520 |a Priblíženie účtovania pohľadávok, najmä ich vznik, oceňovanie a zánik pre účtovné jednotky, ktoré účtujú v sústave jednoduchého účtovníctva. 
610 2 0 |a účtovníctvo jednoduché 
610 2 0 |a pohľadávky 
610 2 0 |a oceňovanie 
610 2 0 |a jednotka účtovná 
610 2 0 |a účtovanie 
100 1 |a Moravcová, Beáta